| 000 | 01056 a2200241 4500 | ||
|---|---|---|---|
| 001 | 53226 | ||
| 005 | 20260407155806.0 | ||
| 008 | 260407a1987 arg spa d | ||
| 003 | AR-UNSa-BCEJYS | ||
| 040 |
_aAR-UNSa-BCEJYS _bspa _cAR-UNSa-BCEJYS |
||
| 080 |
_a338.45 _xIndustria como sector económico. Producción comercial, industrial |
||
| 245 | 1 | 0 | _aBienes de capital y tecnologia en el tercer mundo |
| 020 | _a950-25-1322-3 | ||
| 264 | 1 |
_aBuenos Aires : _bCentro Editor de America Latina _c1987 |
|
| 300 |
_a218 p. _c21 cm. |
||
| 505 | _a1. Productos, tecnología y estructura industrial - 2. Ingreso en la producción de bienes de capital - 3. Producción de bienes de capital complejos en Brasil, India y Corea - 4. Producción de bienes de capital complejos:La experiencia de China - 5. El ingreso en la producción de máquinas herramientas de base electrónica | ||
| 041 | _aspa | ||
| 942 | _cBK | ||
| 590 | _aniveau_biblio:m niveau_hierar:0 | ||
| 100 | 1 | _aChudnovsky, Daniel | |
| 700 | 1 | _aNagao, Masafumi | |
| 700 | 1 | _aJacobsson, Staffan | |
| 999 |
_c5145 _d5145 |
||